| 000 | 00826nam a2200265 a 4500 | ||
|---|---|---|---|
| 001 | 69447 | ||
| 003 | BD-RjUL | ||
| 005 | 20211209081906.0 | ||
| 008 | 170411r20092005enka b 001 0 eng d | ||
| 020 | _a9780750688024 | ||
| 020 | _a9788131200360 | ||
| 035 | _a(BD-RjUL)69659 | ||
| 040 |
_aDLC _cDLC _dDLC _beng |
||
| 041 | _aeng | ||
| 082 | 0 | 0 |
_223 _a636.0891 _bASE 2009 |
| 100 | 1 |
_aAspinall, Victoria. _9205711 |
|
| 245 | 1 | 0 |
_aEssentials of veterinary anatomy and physiology / _cVictoria Aspinall. |
| 260 |
_aNew York : _bElsevier Butterworth Heinemann, _c2009. |
||
| 300 |
_ax, 248 p. : _bill. ; _c18 cm. |
||
| 504 | _aIncludes bibliographical references (p. 213-214) and index. | ||
| 650 | 0 |
_aVeterinary anatomy. _9205712 |
|
| 650 | 0 |
_aVeterinary physiology. _9161449 |
|
| 942 |
_2ddc _cBK |
||
| 999 |
_c69447 _d69447 |
||